000 00586nam a2200193 i 4500
001 80673
003 ES-MaACL
005 20230906174253.0
007 t|
008 041029s1942 gw ||||1| ger d
100 1 _aHoster, Hermann.
_964296
245 1 0 _aGenesung in Graubünden
_b: roman eines kurortes /
_cHermann Hoster.
260 _aLeipzig :
_bBernhard Tauchnitz,
_c1942 (
_fOscar Brandstetter)
300 _a398 p. ;
_c19 cm.
490 1 _aDer deutsche tauchnitz
830 0 _aDer deutsche tauchnitz
_9182699
852 _aES-MaACL
_jF-4750
_bR.19907
999 _c80673
_d80673